Neuromarketing, miesto kde sa stretáva neuroveda a marketing

Čo je neuromarketing. Kľúčové faktory neuromarketingu, ktoré môžu podnikom veľa napovedať a pomôcť pri predaji ich produktov alebo služieb, identifikácii správnej marketingovej stratégie a efektívnej reklame. Neuromarketing verzus etické otázky.

Enregistré dans:
Détails bibliographiques
Auteur principal: Majtán, Štefan
Autres auteurs: Šlosár, Róbert
Format: Chapitre de livre
Langue:slovaque
Sujets:
Tags: Ajouter un tag
Pas de tags, Soyez le premier à ajouter un tag!

MARC

LEADER 00000nla a2200000 4500
001 0201772
005 20240522130555.2
041 0 |a slo 
044 |a SK 
245 1 0 |a Neuromarketing, miesto kde sa stretáva neuroveda a marketing  |c Štefan Majtán, Róbert Šlosár 
520 |a Čo je neuromarketing. Kľúčové faktory neuromarketingu, ktoré môžu podnikom veľa napovedať a pomôcť pri predaji ich produktov alebo služieb, identifikácii správnej marketingovej stratégie a efektívnej reklame. Neuromarketing verzus etické otázky. 
610 2 0 |a neuromarketing 
610 2 0 |a neuroveda 
610 2 0 |a správanie spotrebiteľa 
610 2 0 |a meranie 
610 2 0 |a motivácia 
610 2 0 |a etika 
100 1 |a Majtán, Štefan 
700 1 |a Šlosár, Róbert